| 000 | 00385cam a2200157ua 4500 | ||
|---|---|---|---|
| 041 |
_aeng _h |
||
| 082 |
_a828.09 _bSHA/PL |
||
| 100 | _aShaw, Bernard . | ||
| 245 |
_aPlays and players / _cBernard Shaw. _hTextual Documents |
||
| 260 |
_aLondon : _bOxford University Press , _c1963. |
||
| 300 | _a350 ; . | ||
| 504 | _a | ||
| 942 | _cBK | ||
| 999 |
_c3743 _d3743 |
||